[Event "Benidorm 2013 - Torneo sub2300"]
[Site "Benidorm ESP"]
[Date "2013.11.30"]
[Round "2.38"]
[White "Fernandez Martinez, Jorge"]
[Black "Goormachtigh, Johan"]
[Result "0-1"]
[WhiteElo "2049"]
[BlackElo "2177"]
[PlyCount "46"]
[EventDate "2013.11.29"]
[EventType "swiss"]
[EventRounds "10"]
[EventCountry "ESP"]
[Source "lmi"]
[SourceDate "2013.11.29"]

1. Nf3 Nf6 2. c4 g6 3. Nc3 Bg7 4. e4 d6 5. d4 O-O 6. Be2 Na6 7. O-O e5 8. d5
Nc5 9. Nd2 a5 10. b3 Ne8 11. a3 f5 12. Bb2 Nf6 13. f3 Bh6 14. b4 Bxd2 15. bxc5
Be3+ 16. Kh1 Bxc5 17. Qc2 f4 18. Na4 Ba7 19. c5 Bd7 20. cxd6 cxd6 21. Qb3 Nh5
22. Bb5 Qh4 23. h3 Bxh3 0-1

[Event "Benidorm 2013 - Torneo sub2300"]
[Site "Benidorm ESP"]
[Date "2013.11.30"]
[Round "2.41"]
[White "Acuna Celada, Ivan"]
[Black "Frey, Armin"]
[Result "1-0"]
[WhiteElo "2163"]
[BlackElo "2009"]
[PlyCount "45"]
[EventDate "2013.11.29"]
[EventType "swiss"]
[EventRounds "10"]
[EventCountry "ESP"]
[Source "lmi"]
[SourceDate "2013.11.29"]

1. d4 f5 2. c4 e6 3. g3 Nf6 4. Bg2 Be7 5. Nf3 O-O 6. O-O a5 7. Nc3 Na6 8. a3 c6
9. Qc2 d5 10. Ne5 dxc4 11. Rd1 Rb8 12. e4 Qe8 13. Nxc4 fxe4 14. Bf4 Ng4 15.
Bxb8 Rxf2 16. Qxe4 Qh5 17. h3 Nf6 18. Qe3 Rxg2+ 19. Kxg2 Nxb8 20. Nb6 Qe8 21.
Qe5 Nd5 22. Ncxd5 exd5 23. Nxc8 1-0

[Event "Benidorm 2013 - Torneo sub2300"]
[Site "Benidorm ESP"]
[Date "2013.11.30"]
[Round "2.43"]
[White "Mirete Bernabe, Marco Antonio"]
[Black "Devecchi, Jorge"]
[Result "1-0"]
[WhiteElo "2141"]
[BlackElo "1997"]
[PlyCount "57"]
[EventDate "2013.11.29"]
[EventType "swiss"]
[EventRounds "10"]
[EventCountry "ESP"]
[Source "lmi"]
[SourceDate "2013.11.29"]

1. d4 Nf6 2. c4 g6 3. Nf3 Bg7 4. g3 O-O 5. Bg2 c5 6. O-O d6 7. Nc3 cxd4 8. Nxd4
a6 9. h3 Nc6 10. Nxc6 bxc6 11. Qa4 Bd7 12. c5 d5 13. e4 e5 14. exd5 Qc8 15.
dxc6 Bxh3 16. Bg5 Bxg2 17. Kxg2 Qg4 18. Bxf6 Qxa4 19. Nxa4 Bxf6 20. Nb6 Ra7 21.
Nd7 Be7 22. Nxf8 Kxf8 23. b4 Rc7 24. Rad1 Rxc6 25. Rd7 e4 26. Rb7 f5 27. Rd1 g5
28. Rdd7 Re6 29. Rb6 1-0

[Event "Benidorm 2013 - Torneo sub2300"]
[Site "Benidorm ESP"]
[Date "2013.11.30"]
[Round "2.49"]
[White "Sanchez Dengra, Barbara"]
[Black "Sanchez Dengra, Jose Maria"]
[Result "1/2-1/2"]
[WhiteElo "1905"]
[BlackElo "2109"]
[PlyCount "31"]
[EventDate "2013.11.29"]
[EventType "swiss"]
[EventRounds "10"]
[EventCountry "ESP"]
[Source "lmi"]
[SourceDate "2013.11.29"]

1. d4 d5 2. c4 c6 3. Nf3 Nf6 4. cxd5 cxd5 5. Nc3 Nc6 6. Bf4 Bf5 7. e3 e6 8. Bd3
Bxd3 9. Qxd3 Bd6 10. Bxd6 Qxd6 11. O-O O-O 12. Rfc1 Rfc8 13. h3 h6 14. Nb5 Qb4
15. Nc3 Qd6 16. Nb5 1/2-1/2

[Event "Benidorm 2013 - Torneo sub2300"]
[Site "Benidorm ESP"]
[Date "2013.11.30"]
[Round "2.53"]
[White "Amdouni, Zoubaier"]
[Black "Aledo Lopez, Angel"]
[Result "1-0"]
[WhiteElo "2247"]
[BlackElo "2049"]
[PlyCount "59"]
[EventDate "2013.11.29"]
[EventType "swiss"]
[EventRounds "10"]
[EventCountry "ESP"]
[Source "lmi"]
[SourceDate "2013.11.29"]

1. e4 e6 2. d3 d5 3. Nd2 Nf6 4. Ngf3 c5 5. g3 Nc6 6. Bg2 g6 7. O-O Bg7 8. c3
O-O 9. Re1 dxe4 10. dxe4 Qc7 11. Nc4 Rd8 12. Qc2 e5 13. Bg5 Be6 14. Ne3 h6 15.
Bxf6 Bxf6 16. Red1 Rxd1+ 17. Rxd1 Bg7 18. Nd5 Qa5 19. a3 c4 20. Nd2 b5 21. Nf1
Rf8 22. Nfe3 h5 23. f4 exf4 24. gxf4 Qd8 25. Qf2 Qb8 26. e5 Kh8 27. Nf6 Ne7 28.
Nd7 Bxd7 29. Rxd7 Nc8 30. Rb7 1-0

[Event "Benidorm 2013 - Torneo sub2300"]
[Site "Benidorm ESP"]
[Date "2013.11.30"]
[Round "2.60"]
[White "Megias Ortiz, Vicente Manuel"]
[Black "Ridameya Tatche, Jose Miguel"]
[Result "1/2-1/2"]
[WhiteElo "2092"]
[BlackElo "2021"]
[PlyCount "46"]
[EventDate "2013.11.29"]
[EventType "swiss"]
[EventRounds "10"]
[EventCountry "ESP"]
[Source "lmi"]
[SourceDate "2013.11.29"]

1. d4 d5 2. Bf4 Bf5 3. c4 e6 4. Nc3 c6 5. Qb3 Qd7 6. Nf3 dxc4 7. Qxc4 f6 8. e4
Bg6 9. Qb3 Bf7 10. Qc2 Bb4 11. Bc4 Ne7 12. O-O Ng6 13. Be3 O-O 14. e5 Be7 15.
Ne4 f5 16. Neg5 Bxg5 17. Nxg5 Re8 18. f4 h6 19. Nxf7 Qxf7 20. g4 Ne7 21. h3 Nd5
22. Bxd5 cxd5 23. gxf5 exf5 1/2-1/2

[Event "Benidorm 2013 - Torneo sub2300"]
[Site "Benidorm ESP"]
[Date "2013.11.30"]
[Round "2.66"]
[White "Fernandez Rubio, Rafael"]
[Black "Carrera Ruano, Luis Javier"]
[Result "1-0"]
[WhiteElo "2072"]
[BlackElo "1920"]
[PlyCount "37"]
[EventDate "2013.11.29"]
[EventType "swiss"]
[EventRounds "10"]
[EventCountry "ESP"]
[Source "lmi"]
[SourceDate "2013.11.29"]

1. e4 d5 2. exd5 Qxd5 3. Nc3 Qa5 4. Bc4 Nf6 5. d4 Bf5 6. Bd2 c6 7. Nf3 Nbd7 8.
Qe2 e6 9. d5 cxd5 10. Nxd5 Qd8 11. Nd4 Be4 12. Nxf6+ Nxf6 13. Bb5+ Bc6 14. Nxc6
bxc6 15. Bxc6+ Nd7 16. Rd1 Rc8 17. Ba4 Qe7 18. Ba5 Rc7 19. O-O 1-0

[Event "Benidorm 2013 - Torneo sub2300"]
[Site "Benidorm ESP"]
[Date "2013.11.30"]
[Round "2.71"]
[White "Alvarez Pedrosa, Valeriano"]
[Black "Castellanos Bogalo, Antonio"]
[Result "1-0"]
[WhiteElo "1923"]
[BlackElo "2056"]
[PlyCount "53"]
[EventDate "2013.11.29"]
[EventType "swiss"]
[EventRounds "10"]
[EventCountry "ESP"]
[Source "lmi"]
[SourceDate "2013.11.29"]

1. c4 g6 2. Nc3 Nh6 3. g3 f5 4. Bg2 Bg7 5. e4 O-O 6. Nge2 e5 7. d4 Nc6 8. dxe5
fxe4 9. O-O Nxe5 10. Nxe4 Nhf7 11. Qb3 d6 12. f4 Nc6 13. Bd2 Bg4 14. Qd3 Bxb2
15. Rab1 Bxe2 16. Qxe2 Bd4+ 17. Kh1 Rb8 18. Bc3 Bxc3 19. Nxc3 Qd7 20. Nd5 Nh6
21. Qb2 Qd8 22. Rbe1 Ng4 23. Re6 Qd7 24. Rfe1 Rbe8 25. Nxc7 Rxe6 26. Nxe6 Re8
27. Bd5 1-0

[Event "Benidorm 2013 - Torneo sub2300"]
[Site "Benidorm ESP"]
[Date "2013.12.01"]
[Round "3.1"]
[White "Carrascoso Morales, Abel"]
[Black "Hristodorescu, Daniel"]
[Result "1-0"]
[WhiteElo "2300"]
[BlackElo "2207"]
[PlyCount "81"]
[EventDate "2013.11.29"]
[EventType "swiss"]
[EventRounds "10"]
[EventCountry "ESP"]
[Source "lmi"]
[SourceDate "2013.11.29"]

1. d4 Nf6 2. Nf3 g6 3. c4 Bg7 4. Nc3 O-O 5. e4 d6 6. Be2 e5 7. O-O Nc6 8. d5
Ne7 9. b4 Ne8 10. c5 f5 11. Nd2 Bh6 12. Nc4 Bxc1 13. Rxc1 f4 14. a4 Kh8 15. b5
b6 16. cxd6 cxd6 17. Na2 Ng8 18. Nb4 Qh4 19. Nc6 g5 20. N4xe5 dxe5 21. Nxe5 Qh6
22. Qd4 Qg7 23. Rfd1 Ngf6 24. d6 Nd7 25. Rxc8 Rxc8 26. Nxd7 Qxd4 27. Rxd4 Rg8
28. Ne5 Rc1+ 29. Bf1 Nxd6 30. Rxd6 Re8 31. Nf7+ Kg7 32. Nxg5 h6 33. Ne6+ Kf7
34. Nxf4 Rxe4 35. Nd5 Rd4 36. Rc6 Rxc6 37. bxc6 Rd1 38. Ne3 Rc1 39. Nc4 Ke7 40.
f4 a6 41. f5 1-0

[Event "Benidorm 2013 - Torneo sub2300"]
[Site "Benidorm ESP"]
[Date "2013.12.01"]
[Round "3.2"]
[White "Bosque Ortega, Xavier"]
[Black "Valmana Canto, Jaime"]
[Result "0-1"]
[WhiteElo "2197"]
[BlackElo "2298"]
[PlyCount "58"]
[EventDate "2013.11.29"]
[EventType "swiss"]
[EventRounds "10"]
[EventCountry "ESP"]
[Source "lmi"]
[SourceDate "2013.11.29"]

1. d4 d6 2. Bf4 Nf6 3. e3 Nbd7 4. Nf3 Nh5 5. Bg5 h6 6. Bh4 g5 7. Nfd2 Ng7 8.
Bg3 Nf5 9. Qf3 Nf6 10. Bd3 Nxg3 11. Qxg3 c5 12. dxc5 dxc5 13. Nc3 Bg7 14. Bb5+
Nd7 15. h4 Qa5 16. Nd5 Kf8 17. Qc7 Qxc7 18. Nxc7 Rb8 19. O-O-O e6 20. Ne4 Ke7
21. hxg5 hxg5 22. Rxh8 Bxh8 23. Nd6 Nb6 24. Nc4 Nxc4 25. Bxc4 a6 26. c3 Be5 27.
Nd5+ exd5 28. Rxd5 f6 29. Rxc5 b6 0-1

[Event "Benidorm 2013 - Torneo sub2300"]
[Site "Benidorm ESP"]
[Date "2013.12.01"]
[Round "3.3"]
[White "Quintin Navarro, Alberto"]
[Black "Saenz Narciso, Miguel Angel"]
[Result "1/2-1/2"]
[WhiteElo "2288"]
[BlackElo "2191"]
[PlyCount "94"]
[EventDate "2013.11.29"]
[EventType "swiss"]
[EventRounds "10"]
[EventCountry "ESP"]
[Source "lmi"]
[SourceDate "2013.11.29"]

1. Nf3 Nf6 2. g3 g6 3. b3 Bg7 4. Bb2 c5 5. Bg2 Nc6 6. O-O O-O 7. c4 d5 8. cxd5
Nxd5 9. Bxg7 Kxg7 10. Qc1 Qd6 11. Nc3 Nxc3 12. Qxc3+ Kg8 13. Rac1 b6 14. d4
Nxd4 15. Nxd4 cxd4 16. Qc7 Rb8 17. Qxd6 exd6 18. Rfd1 Bg4 19. f3 Be6 20. Rc7 a5
21. Rxd4 Rfc8 22. Rxc8+ Rxc8 23. Rxd6 Rc2 24. Rxb6 Rxe2 25. a3 Rb2 26. Bf1 Rxb3
27. Rxb3 Bxb3 28. Kf2 Kf8 29. Ke3 Bd5 30. Kd4 Bxf3 31. Kc5 Bd1 32. Kb5 a4 33.
Kb4 f5 34. h4 h6 35. Kc3 Ke7 36. Kd2 Bb3 37. Ke3 Kf6 38. Kf4 g5+ 39. hxg5+
hxg5+ 40. Ke3 Ke5 41. Bb5 f4+ 42. gxf4+ gxf4+ 43. Kf2 Ke4 44. Bc6+ Kd4 45. Be8
Bd1 46. Bd7 Kd3 47. Bxa4 Bxa4 1/2-1/2

[Event "Benidorm 2013 - Torneo sub2300"]
[Site "Benidorm ESP"]
[Date "2013.12.01"]
[Round "3.4"]
[White "Aymerich Rosell, Pablo"]
[Black "Sos Andreu, Eric"]
[Result "1/2-1/2"]
[WhiteElo "2194"]
[BlackElo "2276"]
[PlyCount "31"]
[EventDate "2013.11.29"]
[EventType "swiss"]
[EventRounds "10"]
[EventCountry "ESP"]
[Source "lmi"]
[SourceDate "2013.11.29"]

1. d4 Nf6 2. c4 g6 3. Nc3 d5 4. Bg5 Ne4 5. Bh4 Nxc3 6. bxc3 dxc4 7. e3 Be6 8.
Nf3 Bg7 9. Be2 O-O 10. O-O c5 11. Qc2 Nc6 12. Rfd1 cxd4 13. Nxd4 Nxd4 14. cxd4
Qc7 15. Rab1 Rfd8 16. Rb4 1/2-1/2

[Event "Benidorm 2013 - Torneo sub2300"]
[Site "Benidorm ESP"]
[Date "2013.12.01"]
[Round "3.5"]
[White "Kultiyasov, Mikhail"]
[Black "Shen ***, Yue"]
[Result "1-0"]
[WhiteElo "2188"]
[BlackElo "2262"]
[PlyCount "73"]
[EventDate "2013.11.29"]
[EventType "swiss"]
[EventRounds "10"]
[EventCountry "ESP"]
[Source "lmi"]
[SourceDate "2013.11.29"]

1. e4 c5 2. Nf3 d6 3. d4 cxd4 4. Nxd4 Nf6 5. Bd3 a6 6. c4 g6 7. Nc3 Bg7 8. O-O
O-O 9. Be2 Bd7 10. Be3 Nc6 11. Qd2 Nxd4 12. Bxd4 Bc6 13. f3 Qa5 14. Be3 Rfc8
15. Rab1 Rab8 16. b4 Qd8 17. a4 Bd7 18. a5 Be6 19. Nd5 Nxd5 20. exd5 Bf5 21.
Rbc1 h5 22. Rfd1 Ra8 23. Bf1 Qd7 24. b5 Qe8 25. Re1 Bd7 26. Bg5 f6 27. Bf4 axb5
28. Bxd6 Bf8 29. Bxe7 Qf7 30. d6 Bg7 31. cxb5 Kh7 32. Rc7 Rxc7 33. dxc7 Bf5 34.
b6 Qb3 35. Bb4 Kg8 36. Qc1 Bc8 37. Qd1 1-0

[Event "Benidorm 2013 - Torneo sub2300"]
[Site "Benidorm ESP"]
[Date "2013.12.01"]
[Round "3.6"]
[White "Gete Rodriguez, Isidro"]
[Black "Cano Gimenez, Vicente"]
[Result "1-0"]
[WhiteElo "2102"]
[BlackElo "2260"]
[PlyCount "63"]
[EventDate "2013.11.29"]
[EventType "swiss"]
[EventRounds "10"]
[EventCountry "ESP"]
[Source "lmi"]
[SourceDate "2013.11.29"]

1. d4 Nf6 2. c4 c5 3. d5 b5 4. cxb5 a6 5. bxa6 g6 6. Nc3 Bxa6 7. g3 d6 8. Bg2
Bg7 9. Nh3 Nbd7 10. O-O O-O 11. Bd2 Qa5 12. Qc2 c4 13. Ne4 Qb5 14. Nxf6+ Nxf6
15. Bc3 Nxd5 16. Bxg7 Kxg7 17. a4 Qc5 18. b4 Nxb4 19. Qc3+ Kg8 20. Bxa8 Rxa8
21. Rfb1 Nc6 22. Qf3 Rc8 23. Qe3 Nd4 24. Qxe7 c3 25. Ng5 Nxe2+ 26. Kg2 Qd5+ 27.
f3 c2 28. Rb6 Bc4 29. Rxd6 Qf5 30. Ne4 c1=Q 31. Rxc1 Nxc1 32. Rd8+ 1-0

[Event "Benidorm 2013 - Torneo sub2300"]
[Site "Benidorm ESP"]
[Date "2013.12.01"]
[Round "3.7"]
[White "Parligras, Cosmin"]
[Black "Sabater Sanchez, Asensio"]
[Result "1/2-1/2"]
[WhiteElo "2257"]
[BlackElo "2151"]
[PlyCount "33"]
[EventDate "2013.11.29"]
[EventType "swiss"]
[EventRounds "10"]
[EventCountry "ESP"]
[Source "lmi"]
[SourceDate "2013.11.29"]

1. d4 d5 2. Nf3 Nf6 3. c4 c6 4. e3 Bf5 5. Nc3 e6 6. Bd3 Bxd3 7. Qxd3 Nbd7 8.
O-O Bd6 9. e4 dxe4 10. Nxe4 Nxe4 11. Qxe4 Nf6 12. Qe2 O-O 13. Bg5 h6 14. Bh4
Be7 15. Rfd1 Re8 16. Ne5 Nd7 17. Bxe7 1/2-1/2

[Event "Benidorm 2013 - Torneo sub2300"]
[Site "Benidorm ESP"]
[Date "2013.12.01"]
[Round "3.8"]
[White "Voiteanu, Gabriel"]
[Black "Iturbide Arnedo, Oscar"]
[Result "1-0"]
[WhiteElo "2251"]
[BlackElo "2102"]
[PlyCount "65"]
[EventDate "2013.11.29"]
[EventType "swiss"]
[EventRounds "10"]
[EventCountry "ESP"]
[Source "lmi"]
[SourceDate "2013.11.29"]

1. d4 g6 2. c4 Bg7 3. e4 d6 4. Nc3 e5 5. d5 f5 6. g3 Nf6 7. Bg2 O-O 8. Nge2 Na6
9. O-O f4 10. gxf4 Nh5 11. fxe5 dxe5 12. f3 Rf7 13. a3 Qf8 14. Be3 Bh6 15. Qd2
Bf4 16. Bxf4 Nxf4 17. Nxf4 Rxf4 18. b4 Bd7 19. Ne2 Rh4 20. Ra2 Qe7 21. f4 Rf8
22. fxe5 Rxf1+ 23. Bxf1 Qxe5 24. Ng3 Nb8 25. Qb2 Qf4 26. e5 Bh3 27. Bxh3 Rxh3
28. e6 Rxg3+ 29. hxg3 Qxg3+ 30. Qg2 Qe3+ 31. Rf2 Qc1+ 32. Kh2 Qxc4 33. Qg5 1-0

[Event "Benidorm 2013 - Torneo sub2300"]
[Site "Benidorm ESP"]
[Date "2013.12.01"]
[Round "3.9"]
[White "Martinez Reyes, Pedro Ramon"]
[Black "Nicolas Zapata, Javier"]
[Result "1-0"]
[WhiteElo "2235"]
[BlackElo "2084"]
[PlyCount "77"]
[EventDate "2013.11.29"]
[EventType "swiss"]
[EventRounds "10"]
[EventCountry "ESP"]
[Source "lmi"]
[SourceDate "2013.11.29"]

1. e4 c5 2. Nf3 e6 3. g3 Nc6 4. Bg2 g6 5. d4 cxd4 6. Nxd4 Qb6 7. Nb3 Bg7 8. Nc3
a6 9. O-O Nge7 10. a4 O-O 11. a5 Qc7 12. Bf4 Be5 13. Bxe5 Nxe5 14. Na4 Nc4 15.
Qd4 d6 16. Qc3 d5 17. Nb6 Rb8 18. exd5 exd5 19. Bxd5 Nxd5 20. Nxd5 Qe5 21. Qxc4
Be6 22. Ne7+ Kg7 23. Qd4 Qf6 24. Rad1 Rbd8 25. Qxf6+ Kxf6 26. Nxg6 hxg6 27. Nc5
Bd5 28. f4 Bc6 29. Kf2 Rh8 30. h4 Kf5 31. Rfe1 Rhe8 32. Nd3 Be4 33. Re3 Rd5 34.
Rde1 Rd4 35. Nc5 Rd2+ 36. R1e2 Rxe2+ 37. Rxe2 Bc6 38. Rxe8 Bxe8 39. Nxb7 1-0

[Event "Benidorm 2013 - Torneo sub2300"]
[Site "Benidorm ESP"]
[Date "2013.12.01"]
[Round "3.10"]
[White "Navarro Lopez-Menchero, Daniel"]
[Black "Rodriguez Melendez, Juan Humbe"]
[Result "0-1"]
[WhiteElo "2283"]
[BlackElo "2060"]
[PlyCount "52"]
[EventDate "2013.11.29"]
[EventType "swiss"]
[EventRounds "10"]
[EventCountry "ESP"]
[Source "lmi"]
[SourceDate "2013.11.29"]

1. e4 c5 2. Nf3 d6 3. d4 cxd4 4. Nxd4 Nf6 5. Nc3 a6 6. Qe2 e5 7. Nf5 Bxf5 8.
exf5 Be7 9. Bg5 Nbd7 10. O-O-O O-O 11. g4 Rc8 12. Bg2 b5 13. h4 b4 14. Ne4 Nxe4
15. Bxe7 Nc3 16. bxc3 Qxe7 17. cxb4 d5 18. Rxd5 Nb6 19. Rxe5 Qxb4 20. Rh3 Rc3
21. Rxc3 Qxc3 22. Re7 Nc4 23. Rb7 Qa1+ 24. Rb1 Qd4 25. Be4 Re8 26. f3 Qg1+ 0-1

[Event "Benidorm 2013 - Torneo sub2300"]
[Site "Benidorm ESP"]
[Date "2013.12.01"]
[Round "3.11"]
[White "Lopez Del Alamo, Antonio"]
[Black "Suarez Roa, Jose Francisco"]
[Result "1-0"]
[WhiteElo "2281"]
[BlackElo "2162"]
[PlyCount "67"]
[EventDate "2013.11.29"]
[EventType "swiss"]
[EventRounds "10"]
[EventCountry "ESP"]
[Source "lmi"]
[SourceDate "2013.11.29"]

1. e4 e5 2. Nf3 Nc6 3. Bb5 a6 4. Ba4 Nf6 5. d3 b5 6. Bb3 Be7 7. O-O O-O 8. Re1
d6 9. c3 Nb8 10. Nbd2 Nbd7 11. Nf1 Nc5 12. Bc2 Re8 13. d4 Ncd7 14. Bb3 c5 15.
Ng3 Bb7 16. Ng5 c4 17. Bc2 h6 18. Nh3 Bf8 19. f4 exd4 20. cxd4 d5 21. e5 Ne4
22. Be3 Bb4 23. Rf1 Nxg3 24. hxg3 Nf6 25. f5 Qb6 26. Qf3 Ne4 27. f6 g6 28. Rad1
Bc8 29. Nf4 Ng5 30. Qf2 Qc6 31. Nxg6 Bg4 32. Bxg5 Bxd1 33. Rxd1 hxg5 34. Qf5
1-0

[Event "Benidorm 2013 - Torneo sub2300"]
[Site "Benidorm ESP"]
[Date "2013.12.01"]
[Round "3.12"]
[White "Montoliu Cervero, Francisco"]
[Black "Gonzalez Aguirre, Luis"]
[Result "1-0"]
[WhiteElo "2280"]
[BlackElo "2157"]
[PlyCount "83"]
[EventDate "2013.11.29"]
[EventType "swiss"]
[EventRounds "10"]
[EventCountry "ESP"]
[Source "lmi"]
[SourceDate "2013.11.29"]

1. e4 d5 2. exd5 Qxd5 3. Nc3 Qd8 4. d4 Nf6 5. Bc4 Bg4 6. f3 Bf5 7. Nge2 e6 8.
g4 Nxg4 9. fxg4 Qh4+ 10. Ng3 Bxg4 11. Qd3 Bf5 12. Qf3 Nc6 13. Bb5 O-O-O 14.
Bxc6 bxc6 15. Be3 Bxc2 16. Qxc6 Rd6 17. Qa8+ Kd7 18. O-O Bg6 19. Nce4 Rb6 20.
Bg5 Be7 21. Bxe7 Kxe7 22. Qxh8 Bxe4 23. Qxg7 Bg6 24. Rf2 Rb5 25. Raf1 Rg5 26.
Qf6+ Ke8 27. Qf3 h5 28. Qc6+ Kf8 29. Qxc7 Bf5 30. Qb8+ Kg7 31. Qe5+ Kg8 32. Kh1
Bg6 33. Qf4 Rg4 34. Qb8+ Kg7 35. Rf4 Rxf4 36. Qxf4 Qh3 37. Qf6+ Kg8 38. Rf4 e5
39. dxe5 Qc8 40. Rf1 h4 41. Nf5 Qb7+ 42. Kg1 1-0

[Event "Benidorm 2013 - Torneo sub2300"]
[Site "Benidorm ESP"]
[Date "2013.12.01"]
[Round "3.13"]
[White "Gromovs, Sergejs"]
[Black "Fidalgo Fernandez, Javier"]
[Result "1/2-1/2"]
[WhiteElo "2148"]
[BlackElo "2264"]
[PlyCount "143"]
[EventDate "2013.11.29"]
[EventType "swiss"]
[EventRounds "10"]
[EventCountry "ESP"]
[Source "lmi"]
[SourceDate "2013.11.29"]

1. d4 Nf6 2. Nf3 g6 3. c4 Bg7 4. Nc3 O-O 5. e4 d6 6. Be2 Na6 7. O-O e5 8. Re1
Qe8 9. Bf1 Bg4 10. d5 Nh5 11. h3 Bd7 12. a3 Nc5 13. b4 Na4 14. Nb5 Bxb5 15.
cxb5 Nb6 16. Qc2 Qd7 17. a4 f5 18. Ng5 fxe4 19. a5 Nc8 20. Ne6 Rf7 21. Bg5 Bf6
22. Rac1 Bxg5 23. Nxg5 Re7 24. Ne6 Ng7 25. Nxc7 Rb8 26. Rxe4 Rf7 27. Qb3 Ne7
28. Ne6 Ne8 29. Ree1 b6 30. Rc2 Nf5 31. Qd3 Nfg7 32. Qc4 Rf6 33. Be2 Qf7 34.
axb6 axb6 35. Bf3 Kh8 36. Ng5 Qe7 37. Bg4 Rf8 38. Nf3 h5 39. Be6 Rf4 40. Re4
Rf8 41. Re3 Rf4 42. Re4 Rf8 43. h4 Nf6 44. Re1 Nxe6 45. dxe6 Nh7 46. Qd5 Rf6
47. Ng5 Nxg5 48. hxg5 Rxe6 49. Rec1 Re8 50. Rc8 Qxg5 51. R1c7 Qf6 52. Qa8 Qf8
53. f3 R6e7 54. Qb8 e4 55. Rxe7 Rxc8 56. Qxd6 exf3 57. gxf3 Rd8 58. Qe5+ Kg8
59. Qe6+ Kh8 60. Rf7 Qd6 61. Qf6+ Qxf6 62. Rxf6 Kg7 63. Rxb6 Rd4 64. Rc6 Rxb4
65. b6 Rb2 66. f4 Rb4 67. f5 Rg4+ 68. Kh2 gxf5 69. Rc5 Rb4 70. Rxf5 Kg6 71. Ra5
Rxb6 72. Kg3 1/2-1/2

[Event "Benidorm 2013 - Torneo sub2300"]
[Site "Benidorm ESP"]
[Date "2013.12.01"]
[Round "3.14"]
[White "Cantero, Antonio"]
[Black "Mirete Bernabe, Marco Antonio"]
[Result "1/2-1/2"]
[WhiteElo "2262"]
[BlackElo "2141"]
[PlyCount "23"]
[EventDate "2013.11.29"]
[EventType "swiss"]
[EventRounds "10"]
[EventCountry "ESP"]
[Source "lmi"]
[SourceDate "2013.11.29"]

1. c4 Nf6 2. d4 g6 3. Nc3 d5 4. cxd5 Nxd5 5. e4 Nxc3 6. bxc3 Bg7 7. Be3 c5 8.
Qd2 Qa5 9. Rd1 O-O 10. Nf3 Bg4 11. Be2 Nc6 12. O-O 1/2-1/2

[Event "Benidorm 2013 - Torneo sub2300"]
[Site "Benidorm ESP"]
[Date "2013.12.01"]
[Round "3.17"]
[White "Buenafe Moya, Javier"]
[Black "Cambando, Jose"]
[Result "1-0"]
[WhiteElo "2227"]
[BlackElo "2117"]
[PlyCount "61"]
[EventDate "2013.11.29"]
[EventType "swiss"]
[EventRounds "10"]
[EventCountry "ESP"]
[Source "lmi"]
[SourceDate "2013.11.29"]

1. c4 e5 2. Nc3 Nf6 3. Nf3 d6 4. g3 Be7 5. Bg2 O-O 6. O-O c5 7. Ne1 Nc6 8. Rb1
Bf5 9. d3 Qc8 10. a3 Bh3 11. Bg5 Bxg2 12. Nxg2 h6 13. Bxf6 Bxf6 14. b4 Bd8 15.
Ne3 cxb4 16. axb4 f5 17. Ned5 f4 18. Ne4 Nd4 19. f3 Qh3 20. Rf2 Qe6 21. Qd2 Bb6
22. Qa2 Kh8 23. c5 Bc7 24. gxf4 exf4 25. Qc4 Nb5 26. cxd6 Na3 27. Nxc7 Qg6+ 28.
Rg2 Qxg2+ 29. Kxg2 Nxc4 30. dxc4 Rad8 31. Ne6 1-0

[Event "Benidorm 2013 - Torneo sub2300"]
[Site "Benidorm ESP"]
[Date "2013.12.01"]
[Round "3.21"]
[White "Aracil Serra, Javier"]
[Black "Rodriguez Garcia, Carlos"]
[Result "1/2-1/2"]
[WhiteElo "2179"]
[BlackElo "1987"]
[PlyCount "23"]
[EventDate "2013.11.29"]
[EventType "swiss"]
[EventRounds "10"]
[EventCountry "ESP"]
[Source "lmi"]
[SourceDate "2013.11.29"]

1. c4 f5 2. d4 Nf6 3. g3 g6 4. Bg2 Bg7 5. Nh3 d6 6. d5 c6 7. Nf4 O-O 8. Nc3 Re8
9. h4 e5 10. dxe6 Bxe6 11. Nxe6 Rxe6 12. O-O 1/2-1/2

[Event "Benidorm 2013 - Torneo sub2300"]
[Site "Benidorm ESP"]
[Date "2013.12.01"]
[Round "3.26"]
[White "Nava Pereda, Carlos"]
[Black "Spitzer Isbert, Ramon"]
[Result "1-0"]
[WhiteElo "2273"]
[BlackElo "2091"]
[PlyCount "57"]
[EventDate "2013.11.29"]
[EventType "swiss"]
[EventRounds "10"]
[EventCountry "ESP"]
[Source "lmi"]
[SourceDate "2013.11.29"]

1. c4 Nf6 2. Nc3 g6 3. e4 d6 4. d4 Bg7 5. Nge2 O-O 6. f3 e5 7. Be3 exd4 8. Nxd4
Nc6 9. Qd2 Re8 10. Be2 Nd7 11. O-O Nf8 12. Rad1 Nxd4 13. Bxd4 Bxd4+ 14. Qxd4
Ne6 15. Qd2 c6 16. Kh1 Qb6 17. f4 Nc5 18. Bf3 f5 19. Rfe1 fxe4 20. Bxe4 Bg4 21.
Rc1 Ne6 22. h3 Bf5 23. g4 Bxe4+ 24. Nxe4 Rf8 25. f5 Nd4 26. fxg6 Rad8 27. gxh7+
Kh8 28. Rf1 d5 29. c5 1-0

[Event "Benidorm 2013 - Torneo sub2300"]
[Site "Benidorm ESP"]
[Date "2013.12.01"]
[Round "3.33"]
[White "Royset, Pal"]
[Black "Svensson, Hakan"]
[Result "1-0"]
[WhiteElo "2190"]
[BlackElo "2066"]
[PlyCount "57"]
[EventDate "2013.11.29"]
[EventType "swiss"]
[EventRounds "10"]
[EventCountry "ESP"]
[Source "lmi"]
[SourceDate "2013.11.29"]

1. e4 e6 2. d4 d5 3. Nc3 Nf6 4. e5 Nfd7 5. f4 c5 6. Nf3 Nc6 7. Be3 Be7 8. Qd2
O-O 9. dxc5 Nxc5 10. O-O-O Qa5 11. Kb1 f5 12. exf6 gxf6 13. Nd4 Kh8 14. Bb5
Nxd4 15. Bxd4 a6 16. Bd3 Nxd3 17. Qxd3 Bd7 18. g4 Bd6 19. Qg3 Kg8 20. g5 fxg5
21. Qxg5+ Kf7 22. Ne4 Qc7 23. Be5 Bxe5 24. fxe5 dxe4 25. Rhf1+ Ke8 26. Rxf8+
Kxf8 27. Rf1+ Ke8 28. Qg8+ Ke7 29. Rf7# 1-0

[Event "Benidorm 2013 - Torneo sub2300"]
[Site "Benidorm ESP"]
[Date "2013.12.01"]
[Round "3.36"]
[White "Pena Riasco, Alexander"]
[Black "Estrada Martinez, Cesar"]
[Result "1-0"]
[WhiteElo "2164"]
[BlackElo "2035"]
[PlyCount "48"]
[EventDate "2013.11.29"]
[EventType "swiss"]
[EventRounds "10"]
[EventCountry "ESP"]
[Source "lmi"]
[SourceDate "2013.11.29"]

1. e4 c5 2. Nf3 g6 3. d4 cxd4 4. Nxd4 Nf6 5. Nc3 d6 6. Be3 Bg7 7. f3 O-O 8. Bc4
Nc6 9. Qd2 a6 10. O-O-O Qc7 11. Bb3 Rd8 12. h4 e6 13. g4 b5 14. h5 Nxd4 15.
Bxd4 b4 16. Na4 Rb8 17. Qf2 Qe7 18. Kb1 Bd7 19. Nb6 Bb5 20. hxg6 hxg6 21. a4
bxa3 22. bxa3 a5 23. a4 Bc6 24. Ka2 Qc7 1-0